Podział terytorialny Cesarstwa Rzymskiego pod koniec IV w. n.e - Statystyki

Ogólne statystyki
  • Ten quiz został rozwiązany 38 razy
  • Średni wynik to 5 z 16
Statystyki odpowiedzi
Region % Poprawnych
Galia
74%
Italia
68%
Brytania
53%
Hiszpania
53%
Grecja
47%
Tracja
38%
Dacja
29%
Macedonia
24%
Rzym
24%
Iliria
18%
Afryka Prokonsularna
12%
Orient
6%
Pont
6%
Mauretania Cezarejska
3%
Mauretania Tingitańska
3%
Asiana
0%
Nie znaleziono quizów pasujących do podanych kryteriów
Rozkład punktacji
Procent ludzi z każdym wynikiem
Percentyl według liczby udzielonych odpowiedzi
Twoja historia wyników
Nie rozwiązałeś tego quizu